[Event "Cto Aragon Equipos 2016 Pref Gr II"]
[Site "Aragon"]
[Date "2016.04.02"]
[Round "9.59"]
[White "Mombiela De Sus, Jose Luis"]
[Black "Pes Mateo, Angel"]
[Result "1/2-1/2"]
[WhiteElo "1926"]
[BlackElo "1967"]
[PlyCount "39"]
[EventDate "2016.01.30"]
[WhiteTeam "Las Fuentes"]
[BlackTeam "Delicias B"]

1. c4 e5 2. g3 Nf6 3. Bg2 c6 4. d4 Bb4+ 5. Bd2 Bxd2+ 6. Qxd2 Qe7 7. dxe5 Qxe5
8. Nc3 d6 9. Nf3 Qe7 10. O-O O-O 11. Rad1 Rd8 12. Nd4 Na6 13. e4 Be6 14. b3 Nc5
15. h3 a5 16. g4 h6 17. f4 Ne8 18. g5 hxg5 19. fxg5 Qd7 20. Nf5 1/2-1/2

[Event "Cto Aragon Equipos 2016 Pref Gr II"]
[Site "Aragon"]
[Date "2016.04.02"]
[Round "9.60"]
[White "Sarrio Bambo, Pablo"]
[Black "Javierre Conesa, Alfonso"]
[Result "1/2-1/2"]
[WhiteElo "1848"]
[BlackElo "1919"]
[PlyCount "41"]
[EventDate "2016.01.30"]
[WhiteTeam "Delicias B"]
[BlackTeam "Las Fuentes"]

1. e4 d6 2. d4 Nf6 3. Nc3 g6 4. f3 c6 5. Be3 b5 6. Qd2 b4 7. Nd1 a5 8. Bd3 Nbd7
9. Ne2 Bg7 10. Nf2 Bb7 11. Bh6 Bxh6 12. Qxh6 Nb6 13. O-O e5 14. dxe5 dxe5 15.
Qg5 Nfd7 16. Qxd8+ Rxd8 17. c3 Nc5 18. Bc2 O-O 19. Rad1 Ne6 20. Rxd8 Rxd8 21.
Rd1 1/2-1/2

[Event "Cto Aragon Equipos 2016 Pref Gr II"]
[Site "Aragon"]
[Date "2016.04.02"]
[Round "9.61"]
[White "Guetas Sanchez, Hugo"]
[Black "Garcia Andres, Daniel"]
[Result "1-0"]
[WhiteElo "2164"]
[BlackElo "2001"]
[PlyCount "65"]
[EventDate "2016.01.30"]
[WhiteTeam "SMA Barbastro"]
[BlackTeam "St. Casablanca C"]

1. d4 c5 2. e4 cxd4 3. c3 dxc3 4. Nxc3 Nc6 5. Nf3 d6 6. Bc4 Nf6 7. e5 d5 8. Bb5
Ne4 9. Qxd5 Qxd5 10. Nxd5 Kd8 11. Be3 e6 12. Nf4 Bb4+ 13. Ke2 Ke7 14. a3 Bc5
15. Rac1 Bxe3 16. Kxe3 f5 17. exf6+ Nxf6 18. Bxc6 bxc6 19. Rxc6 Rd8 20. Rhc1 a5
21. Rc7+ Kf8 22. Ng5 Re8 23. Rf7+ Kg8 24. Rcc7 Ng4+ 25. Ke2 Ne5 26. Rxg7+ Kh8
27. Rxh7+ Kg8 28. Rcg7+ Kf8 29. Ng6+ Nxg6 30. Rf7+ Kg8 31. Rhg7+ Kh8 32. Rxg6
Ba6+ 33. Ke3 1-0

[Event "Cto Aragon Equipos 2016 Pref Gr II"]
[Site "Aragon"]
[Date "2016.04.02"]
[Round "9.62"]
[White "Abad Vinas, Jesus Manuel"]
[Black "Andreu Sin, Raul"]
[Result "1/2-1/2"]
[WhiteElo "1752"]
[BlackElo "2060"]
[PlyCount "52"]
[EventDate "2016.01.30"]
[WhiteTeam "St. Casablanca C"]
[BlackTeam "SMA Barbastro"]

1. c4 e6 2. Nf3 Nf6 3. g3 d5 4. Na3 Be7 5. Bg2 O-O 6. O-O Nbd7 7. b3 e5 8. cxd5
Nxd5 9. Nc4 Bf6 10. e4 N5b6 11. Ne3 Re8 12. Qc2 Nf8 13. Bb2 c6 14. h3 Qc7 15.
Rac1 Bd7 16. Rfd1 Rad8 17. d4 exd4 18. Bxd4 Bxd4 19. Nxd4 Be6 20. Kh2 Ng6 21.
Nxe6 fxe6 22. Bf3 Rxd1 23. Rxd1 Ne5 24. Be2 Rd8 25. Rxd8+ Qxd8 26. Qc5 Qf6
1/2-1/2

[Event "Cto Aragon Equipos 2016 Pref Gr II"]
[Site "Aragon"]
[Date "2016.04.02"]
[Round "9.63"]
[White "Sig Vargas, Pablo"]
[Black "Vela Frago, Alberto"]
[Result "1/2-1/2"]
[WhiteElo "1885"]
[BlackElo "1504"]
[PlyCount "47"]
[EventDate "2016.01.30"]
[WhiteTeam "SMA Barbastro"]
[BlackTeam "St. Casablanca C"]

1. e4 c5 2. Nc3 Nc6 3. f4 g6 4. Bb5 d6 5. Nf3 Bg7 6. O-O Nf6 7. Qe1 O-O 8. Bxc6
bxc6 9. d3 d5 10. Rb1 e6 11. Ne5 Qc7 12. Kh1 Nd7 13. Nxd7 Bxd7 14. e5 f6 15.
Na4 fxe5 16. Nxc5 Rae8 17. fxe5 Rxf1+ 18. Qxf1 Bxe5 19. Bh6 Qd6 20. Nxd7 Qxd7
21. Qf3 Qf7 22. Qxf7+ Kxf7 23. b3 Bg7 24. Rf1+ 1/2-1/2

[Event "Cto Aragon Equipos 2016 Pref Gr II"]
[Site "Aragon"]
[Date "2016.04.02"]
[Round "9.65"]
[White "Accattato Martin, Mario"]
[Black "Lorente Penalva, Diego"]
[Result "1-0"]
[WhiteElo "2240"]
[BlackElo "2135"]
[PlyCount "99"]
[EventDate "2016.01.30"]
[WhiteTeam "Monzon"]
[BlackTeam "Binefar"]

1. e4 c5 2. Nf3 d6 3. d4 cxd4 4. Nxd4 Nf6 5. Nc3 g6 6. h3 Bg7 7. g4 O-O 8. Be3
Nc6 9. Qd2 d5 10. Nxc6 bxc6 11. O-O-O Qc7 12. Bh6 Bxh6 13. Qxh6 Nxe4 14. Nxe4
dxe4 15. h4 Bxg4 16. h5 Rad8 17. Be2 Rxd1+ 18. Bxd1 Bf5 19. hxg6 Bxg6 20. Bh5
e6 21. Qe3 f5 22. Bxg6 hxg6 23. Qc3 e5 24. Rh6 Qd6 25. Rh1 Rd8 26. a3 Qf6 27.
Qb3+ Kf8 28. Qb7 a5 29. Qa7 f4 30. Qxa5 Qd6 31. Rh8+ Ke7 32. Rxd8 Qxd8 33.
Qxe5+ Kd7 34. Qxf4 Qe7 35. a4 Kc8 36. Qg4+ Kb7 37. Qxg6 Qb4 38. Qf7+ Kc8 39. b3
Qd4 40. Kb1 Qd1+ 41. Kb2 Qd4+ 42. Ka2 Qe5 43. Qc4 Kb7 44. Qb4+ Kc7 45. a5 c5
46. Qb6+ Kd7 47. Qb5+ Kd8 48. a6 Qc3 49. Kb1 Qe1+ 50. Kb2 1-0

[Event "Cto Aragon Equipos 2016 Pref Gr II"]
[Site "Aragon"]
[Date "2016.04.02"]
[Round "9.67"]
[White "Barranco Mananet, Fernando"]
[Black "Saura Solano, Jose Luis"]
[Result "0-1"]
[WhiteElo "1837"]
[BlackElo "1801"]
[PlyCount "48"]
[EventDate "2016.01.30"]
[WhiteTeam "Monzon"]
[BlackTeam "Binefar"]

1. Nf3 Nf6 2. c4 c6 3. e3 d5 4. Nc3 e6 5. d4 Bb4 6. Bd2 Nbd7 7. Bd3 O-O 8. O-O
Re8 9. a3 Ba5 10. Re1 e5 11. dxe5 Nxe5 12. Nxe5 Rxe5 13. Be2 dxc4 14. Bxc4 Bf5
15. b4 Bc7 16. f3 Bd3 17. Bxd3 Qxd3 18. Qe2 Rd8 19. Qxd3 Rxd3 20. Rad1 Bb6 21.
Kf2 Nd5 22. Ke2 Rxc3 23. f4 Re8 24. Kf3 Rxa3 0-1

[Event "Cto Aragon Equipos 2016 Pref Gr II"]
[Site "Aragon"]
[Date "2016.04.02"]
[Round "9.68"]
[White "Arino Castan, Federico"]
[Black "Garreta Nieto, Maria"]
[Result "1/2-1/2"]
[WhiteElo "1761"]
[BlackElo "1615"]
[PlyCount "56"]
[EventDate "2016.01.30"]
[WhiteTeam "Binefar"]
[BlackTeam "Monzon"]

1. d4 d5 2. c4 c6 3. Nc3 Nf6 4. Bg5 e6 5. e3 Be7 6. Nf3 Nbd7 7. Bd3 O-O 8. O-O
dxc4 9. Bxc4 Nb6 10. Bb3 Nbd5 11. a3 b6 12. Rc1 Bb7 13. Re1 h6 14. Bh4 Rc8 15.
Nxd5 cxd5 16. Ne5 Qd6 17. Qd3 Ne4 18. Bg3 Nxg3 19. hxg3 f5 20. Ng6 Rfe8 21.
Nxe7+ Qxe7 22. Qe2 Qg5 23. Qd2 Qe7 24. Rxc8 Rxc8 25. Rc1 Qd7 26. Rc3 Rxc3 27.
Qxc3 Qc6 28. Qxc6 Bxc6 1/2-1/2

[Event "Cto de Aragón Eq Fase II"]
[Site "Aragón"]
[Date "2016.04.09"]
[Round "10.1"]
[White "Forcen Esteban, Daniel"]
[Black "Adla, Diego"]
[Result "1/2-1/2"]
[WhiteElo "2555"]
[BlackElo "2410"]
[PlyCount "125"]
[EventDate "2016.??.??"]
[WhiteTeam "Jaime Casas A"]
[BlackTeam "St. Casablanca A"]

1. e4 e6 2. d4 d5 3. Nc3 Nf6 4. Bg5 Bb4 5. e5 h6 6. Bc1 Nfd7 7. Qg4 Kf8 8. Qg3
c5 9. a3 Bxc3+ 10. bxc3 Nc6 11. Nf3 Qa5 12. Bd2 Qa4 13. Bd3 b6 14. Qf4 Ba6 15.
h4 Kg8 16. h5 Rf8 17. Rh4 Bxd3 18. cxd3 Ne7 19. g4 Qc2 20. Qe3 c4 21. dxc4 dxc4
22. Qe2 Qa4 23. Rh2 Qc6 24. g5 hxg5 25. Nxg5 f6 26. exf6 Rxf6 27. Kf1 Qd5 28.
Re1 Nf8 29. Qg4 Qf5 30. Qg3 Rfh6 31. Re5 Qb1+ 32. Ke2 Rxh5 33. Rxh5 Rxh5 34.
Qf3 Qg6 35. Kd1 Rh1+ 36. Qxh1 Qb1+ 37. Bc1 Qd3+ 38. Bd2 Qb1+ 39. Bc1 Qd3+ 40.
Ke1 Qxc3+ 41. Kf1 Qxc1+ 42. Kg2 Qf4 43. Qh5 Neg6 44. Re3 $11 Qxd4 45. Kg1 Qa1+
46. Kh2 Qf6 47. Rf3 Nf4 48. Qg4 e5 49. Nh3 N8e6 50. Nxf4 exf4 51. a4 Qe5 52.
Rh3 f3+ 53. Rg3 Nd4 54. Qc8+ Kh7 55. Qh3+ Kg8 56. Qc8+ Kh7 57. Kh1 Qe1+ 58. Rg1
Qe5 59. Qh3+ Kg8 60. Qc8+ Kh7 61. Rg3 Qe1+ 62. Rg1 Qe5 63. Qh3+ 1/2-1/2

[Event "Cto de Aragón Eq Fase II"]
[Site "Aragón"]
[Date "2016.04.09"]
[Round "10.2"]
[White "Glavina, Pablo"]
[Black "Ramiro Ovejero, Juan Luis"]
[Result "1/2-1/2"]
[WhiteElo "2382"]
[BlackElo "2370"]
[PlyCount "103"]
[EventDate "2016.??.??"]
[WhiteTeam "St. Casablanca A"]
[BlackTeam "Jaime Casas A"]

1. Nf3 Nf6 2. g3 g6 3. b3 Bg7 4. Bb2 O-O 5. Bg2 d6 6. d4 c6 7. O-O Bf5 8. c4
Qc8 9. Re1 Re8 10. Nbd2 Bh3 11. Bh1 h6 12. e4 Nbd7 13. e5 dxe5 14. Nxe5 Nxe5
15. dxe5 Nd7 16. Qf3 Nc5 17. Qe3 Rd8 18. Qxc5 Rxd2 19. Bc3 Rd3 20. Rac1 e6 21.
Be4 Bf8 22. Qa5 Rd7 23. b4 Bf5 24. Bg2 Bd3 25. c5 h5 26. Bd2 Be4 27. Bxe4 Rxd2
28. b5 Qd8 29. Qxd8 Raxd8 30. bxc6 bxc6 31. Bxc6 Rc8 32. Bb7 Rxc5 33. a4 Rcc2
34. Rxc2 Rxc2 35. Ba6 Bc5 36. Re2 Rxe2 37. Bxe2 Bd4 38. Kg2 Bxe5 39. f4 Bc7 40.
Kf3 Kg7 41. Bb5 Kf6 42. Ke4 g5 43. h3 g4 44. hxg4 hxg4 45. Ke3 Bb6+ 46. Ke2 e5
47. fxe5+ Kxe5 48. Bd7 f5 49. Kf1 f4 50. gxf4+ Kxf4 51. Kg2 g3 52. Bb5 1/2-1/2

[Event "Cto de Aragón Eq Fase II"]
[Site "Aragón"]
[Date "2016.04.09"]
[Round "10.3"]
[White "Rudolf, Anna"]
[Black "Quintin Navarro, Alberto"]
[Result "1/2-1/2"]
[WhiteElo "2332"]
[BlackElo "2355"]
[PlyCount "82"]
[EventDate "2016.??.??"]
[WhiteTeam "Jaime Casas A"]
[BlackTeam "St. Casablanca A"]

1. e4 c6 2. Nc3 d5 3. Nf3 Bg4 4. h3 Bxf3 5. Qxf3 e6 6. g3 Nd7 7. Bg2 g6 8. O-O
Bg7 9. Re1 Ne7 10. d3 O-O 11. h4 h6 12. Bf4 d4 13. Nb1 e5 14. Bc1 f5 15. exf5
gxf5 16. Nd2 Nd5 17. Nf1 Qf6 18. Bd2 Rae8 19. Rab1 f4 20. c4 dxc3 21. Bxc3 Nc5
22. Rbd1 Nxc3 23. bxc3 e4 24. dxe4 Qxc3 25. Nh2 Qxf3 26. Bxf3 fxg3 27. fxg3 Rd8
28. Kg2 Nd3 29. Rf1 c5 30. Bg4 Ne5 31. Be6+ Kh7 32. Rxf8 Rxf8 33. Ng4 Nxg4 34.
Bxg4 Bd4 35. Bf5+ Kg7 36. g4 Kf6 37. Kf3 b5 38. Kf4 Be5+ 39. Kf3 Bd4 40. Kf4
Be5+ 41. Kf3 Bd4 1/2-1/2

[Event "Cto de Aragón Eq Fase II"]
[Site "Aragón"]
[Date "2016.04.09"]
[Round "10.4"]
[White "Lopez Gracia, Fernando"]
[Black "Fontana Sotomayor, Luis Javier"]
[Result "1-0"]
[WhiteElo "2346"]
[BlackElo "2315"]
[PlyCount "37"]
[EventDate "2016.??.??"]
[WhiteTeam "St. Casablanca A"]
[BlackTeam "Jaime Casas A"]

1. d4 d5 2. Nc3 Nf6 3. Bg5 Bf5 4. f3 Nbd7 5. Qd2 h6 6. Bh4 c6 7. O-O-O b5 8. e4
Be6 9. e5 g5 10. Bf2 Nh5 11. h4 Bg7 12. hxg5 hxg5 13. Kb1 f6 14. Nh3 Qa5 15.
Bd3 b4 16. Ne2 Nb6 17. g4 Nc4 18. Qe1 Nf4 19. Nexf4 1-0

[Event "Cto de Aragón Eq Fase II"]
[Site "Aragón"]
[Date "2016.04.09"]
[Round "10.5"]
[White "Llorente Zaro, Alfonso"]
[Black "Gavin Roche, Enrique"]
[Result "1/2-1/2"]
[WhiteElo "2464"]
[BlackElo "2242"]
[PlyCount "74"]
[EventDate "2016.??.??"]
[WhiteTeam "St. Casablanca B"]
[BlackTeam "ONCE C.A. Aragon"]

1. Nf3 d5 2. g3 Nf6 3. Bg2 c6 4. d3 Bg4 5. Nbd2 Nbd7 6. O-O e6 7. Qe1 Bc5 8. e4
O-O 9. c3 a5 10. a4 Bb6 11. d4 c5 12. e5 Ne8 13. b3 Nc7 14. Ba3 Re8 15. Qe3 Na6
16. Rfe1 Qe7 17. Qf4 Bh5 18. Bf1 Rec8 19. h4 Bg6 20. Rac1 Qe8 21. g4 h5 22.
gxh5 Bxh5 23. Bd3 Bd8 24. Ng5 Be7 25. Nf1 Nf8 26. Ng3 Ng6 27. Bxg6 Bxg6 28. h5
Bh7 29. Kh2 cxd4 30. Bxe7 Qxe7 31. cxd4 Nb4 32. Rxc8+ Rxc8 33. Rc1 Rxc1 34.
Qxc1 Nc6 35. Qf4 Bc2 36. h6 gxh6 37. Nf3 Bg6 1/2-1/2

[Event "Cto de Aragón Eq Fase II"]
[Site "Aragón"]
[Date "2016.04.09"]
[Round "10.6"]
[White "Laliena Solanes, Luis"]
[Black "Villuendas Valero, Adrian"]
[Result "1/2-1/2"]
[WhiteElo "2219"]
[BlackElo "2319"]
[PlyCount "42"]
[EventDate "2016.??.??"]
[WhiteTeam "ONCE C.A. Aragon"]
[BlackTeam "St. Casablanca B"]

1. d4 Nf6 2. Nf3 c5 3. d5 e6 4. Nc3 exd5 5. Nxd5 Nxd5 6. Qxd5 Nc6 7. e4 d6 8.
Bc4 Be6 9. Qd3 Be7 10. Bf4 Qd7 11. c3 Bxc4 12. Qxc4 Qe6 13. Qd5 Qxd5 14. exd5
Nb8 15. O-O-O Na6 16. Rhe1 Kd7 17. Re4 Rhe8 18. Rde1 Nc7 19. c4 h6 20. Bd2 Bf6
21. Kc2 Rxe4 1/2-1/2

[Event "Cto de Aragón Eq Fase II"]
[Site "Aragón"]
[Date "2016.04.09"]
[Round "10.7"]
[White "Gimenez Martinez, Alberto"]
[Black "Latorre Abad, Fernando"]
[Result "1-0"]
[WhiteElo "2184"]
[BlackElo "2056"]
[PlyCount "53"]
[EventDate "2016.??.??"]
[WhiteTeam "St. Casablanca B"]
[BlackTeam "ONCE C.A. Aragon"]

1. e4 c5 2. Nf3 e6 3. d4 cxd4 4. Nxd4 a6 5. c4 Nf6 6. Nc3 Bb4 7. Qd3 Qc7 8. a3
Bxc3+ 9. Qxc3 Nxe4 10. Nb5 axb5 11. Qxg7 Rf8 12. Bh6 Qd6 13. cxb5 f5 14. Rc1
Nc6 15. bxc6 bxc6 16. Qxf8+ Qxf8 17. Bxf8 Kxf8 18. Bd3 Ba6 19. Bxe4 fxe4 20.
Kd2 Rb8 21. b4 Ke7 22. Ke3 Rg8 23. Rhg1 Rg4 24. g3 Rg6 25. Kxe4 d5+ 26. Kd4 Kd6
27. f4 1-0

[Event "Cto de Aragón Eq Fase II"]
[Site "Aragón"]
[Date "2016.04.09"]
[Round "10.8"]
[White "Ferrer Echavarri, Fco Javier"]
[Black "Cortes Lizano, Jesus"]
[Result "1/2-1/2"]
[WhiteElo "1951"]
[BlackElo "2149"]
[PlyCount "70"]
[EventDate "2016.??.??"]
[WhiteTeam "ONCE C.A. Aragon"]
[BlackTeam "St. Casablanca B"]

1. d4 d5 2. c4 e6 3. Nc3 Nf6 4. cxd5 exd5 5. Bg5 c6 6. e3 Bf5 7. Bd3 Bxd3 8.
Qxd3 Nbd7 9. Nf3 Be7 10. O-O O-O 11. Rac1 Ne4 12. Bxe7 Qxe7 13. Nd2 Nd6 14. b4
a6 15. a4 Nb6 16. Nb3 Ne4 17. Nc5 f5 18. a5 Nc8 19. N3a4 Ncd6 20. Nb6 Rad8 21.
Rce1 Rf6 22. f3 Ng5 23. Re2 Rh6 24. g3 Qe8 25. h4 Ne6 26. Nba4 Qg6 27. Nxe6
Qxe6 28. Nc5 Qg6 29. Rg2 Qh5 30. f4 Qe8 31. Rc2 Qe7 32. Qc3 Rg6 33. Rg2 Re8 34.
Rf3 Ne4 35. Nxe4 Qxe4 1/2-1/2

[Event "Cto de Aragón Eq Fase II"]
[Site "Aragón"]
[Date "2016.04.09"]
[Round "10.9"]
[White "Lana Rodriguez, David"]
[Black "Del Rey, Diego"]
[Result "1/2-1/2"]
[WhiteElo "2260"]
[BlackElo "2388"]
[PlyCount "58"]
[EventDate "2016.??.??"]
[WhiteTeam "Agrupacion A"]
[BlackTeam "El Olivar A"]

1. e4 e5 2. Nf3 Nf6 3. Nxe5 d6 4. Nf3 Nxe4 5. d4 d5 6. Bd3 Nd6 7. O-O Be7 8.
Bf4 Bg4 9. c3 O-O 10. Nbd2 Nd7 11. Qc2 g6 12. Qb3 Nb6 13. a4 a5 14. Ne5 Bf5 15.
Bxf5 Nxf5 16. Nd3 Bd6 17. Bxd6 Nxd6 18. Rfe1 Re8 19. Qc2 Rxe1+ 20. Rxe1 Qf8 21.
Nc5 Re8 22. Qd1 Re7 23. Kf1 Qe8 24. Rxe7 Qxe7 25. Qe2 Kf8 26. Qxe7+ Kxe7 27.
Ke2 Nd7 28. Nxd7 Kxd7 29. Ke3 b6 1/2-1/2

[Event "Cto de Aragón Eq Fase II"]
[Site "Aragón"]
[Date "2016.04.09"]
[Round "10.10"]
[White "Chueca Forcen, Alberto"]
[Black "Remiro Juste, Fernando Jose"]
[Result "1-0"]
[WhiteElo "2267"]
[BlackElo "2231"]
[PlyCount "69"]
[EventDate "2016.??.??"]
[WhiteTeam "El Olivar A"]
[BlackTeam "Agrupacion A"]

1. d4 Nf6 2. Bf4 g6 3. e3 Bg7 4. Nf3 O-O 5. Be2 d6 6. O-O b6 7. c4 c5 8. Nc3
cxd4 9. exd4 Bb7 10. d5 Nbd7 11. Re1 Rc8 12. Qd2 Re8 13. Rad1 Nc5 14. Bf1 a5
15. h3 Qd7 16. Nd4 Rcd8 17. Bh6 Bxh6 18. Qxh6 e5 19. dxe6 fxe6 20. Ndb5 Qc6 21.
Re3 Rf8 22. Nd4 Qd7 23. Be2 Nfe4 24. Nxe4 Nxe4 25. Bf3 Nc5 26. Bxb7 Qxb7 27.
Nxe6 Nxe6 28. Rxe6 Qf7 29. Qe3 Rfe8 30. Rdxd6 Rxe6 31. Rxd8+ Kg7 32. Qd4+ Qf6
33. Rd7+ Kh6 34. Qd2+ g5 35. h4 1-0

[Event "Cto de Aragón Eq Fase II"]
[Site "Aragón"]
[Date "2016.04.09"]
[Round "10.11"]
[White "Mimbela Lopez, Miguel A"]
[Black "Newrkla, Katharina"]
[Result "1/2-1/2"]
[WhiteElo "2149"]
[BlackElo "2210"]
[PlyCount "118"]
[EventDate "2016.??.??"]
[WhiteTeam "Agrupacion A"]
[BlackTeam "El Olivar A"]

1. e4 c5 2. Nc3 Nc6 3. Nf3 g6 4. d4 cxd4 5. Nxd4 Bg7 6. Be3 Nf6 7. Bc4 d6 8. f3
O-O 9. Bb3 Bd7 10. Qd2 Rc8 11. Nxc6 bxc6 12. O-O Qc7 13. Bh6 Bxh6 14. Qxh6 d5
15. Qe3 Qb6 16. Qxb6 axb6 17. exd5 cxd5 18. Nxd5 Nxd5 19. Bxd5 Rxc2 20. Rf2
Rfc8 21. Bb3 R2c5 22. Rd1 Bb5 23. Rfd2 Kg7 24. Rd5 e6 25. Rd6 R8c6 26. Kf2 Kf6
27. f4 g5 28. a4 Rxd6 29. Rxd6 Bc6 30. fxg5+ Ke7 31. Rd4 Rxg5 32. g3 Rf5+ 33.
Ke2 Rh5 34. h4 Ra5 35. Bc2 h6 36. Rb4 b5 37. axb5 Bxb5+ 38. Ke3 Bc6 39. Rb8
Re5+ 40. Kf2 Bb5 41. Bd1 Rd5 42. Be2 Bxe2 43. Kxe2 e5 44. Ke3 f5 45. b4 Rd1 46.
b5 Rb1 47. Rb7+ Kd6 48. Rb6+ Kd5 49. Rxh6 Rb3+ 50. Kf2 Rxb5 51. Ra6 Rb2+ 52.
Ke3 Rb3+ 53. Kf2 Rb2+ 54. Ke3 Rh2 55. Ra4 Ke6 56. Ra6+ Kf7 57. Ra5 Kf6 58. Ra6+
Kf7 59. Ra5 Kf6 1/2-1/2

[Event "Cto de Aragón Eq Fase II"]
[Site "Aragón"]
[Date "2016.04.09"]
[Round "10.12"]
[White "Hernando Garcia, Antonio"]
[Black "Carruez Berges, Santiago"]
[Result "1-0"]
[WhiteElo "2164"]
[BlackElo "2046"]
[PlyCount "91"]
[EventDate "2016.??.??"]
[WhiteTeam "El Olivar A"]
[BlackTeam "Agrupacion A"]

1. c4 e5 2. g3 Nc6 3. Bg2 g6 4. Nc3 Bg7 5. Nf3 f5 6. d3 Nf6 7. Rb1 O-O 8. b4 d6
9. b5 Ne7 10. O-O h6 11. Nd2 g5 12. a4 Rb8 13. Ba3 Be6 14. Qb3 g4 15. Rbe1 h5
16. Qd1 h4 17. Bc1 Nh5 18. Nd5 Ng6 19. Qc2 Qd7 20. Nc3 c6 21. bxc6 bxc6 22. Ba3
Rfc8 23. Rb1 d5 24. Rxb8 Rxb8 25. Rb1 Rxb1+ 26. Ncxb1 f4 27. cxd5 cxd5 28. Nf1
Qf7 29. Nbd2 Ne7 30. Qc7 Nf5 31. Qxf7+ Kxf7 32. Bc5 a6 33. gxh4 Nxh4 34. Bh1
Ke8 35. Nb1 f3 36. exf3 gxf3 37. Be3 e4 38. Nbd2 Be5 39. dxe4 dxe4 40. Nxe4 Nf4
41. Nfg3 Nh3+ 42. Kf1 Bc4+ 43. Ke1 Kd7 44. Ng5 Bc3+ 45. Kd1 Nxg5 46. Bxg5 {El
negro agota el tiempo} 1-0

[Event "Cto de Aragón Eq Fase II"]
[Site "Aragón"]
[Date "2016.04.09"]
[Round "10.13"]
[White "Garcia Fernandez, Javier"]
[Black "Moreno Gracia, Daniel"]
[Result "0-1"]
[WhiteElo "2173"]
[BlackElo "2337"]
[PlyCount "32"]
[EventDate "2016.??.??"]
[WhiteTeam "Teruel"]
[BlackTeam "L'Aurora Estadilla A"]

1. e4 e5 2. Nf3 Nc6 3. d4 exd4 4. Bc4 Nf6 5. Ng5 Ne5 6. Bb3 d5 7. Qxd4 Bd6 8.
exd5 O-O 9. Nc3 Re8 10. O-O h6 11. Nge4 Nxe4 12. Nxe4 Qh4 13. f4 Ng4 14. h3
Rxe4 15. Qxe4 Bc5+ 16. Kh1 Qg3 0-1

[Event "Cto de Aragón Eq Fase II"]
[Site "Aragón"]
[Date "2016.04.09"]
[Round "10.14"]
[White "Solano Lasierra, Javier"]
[Black "Dominguez Bujeda, Jesus"]
[Result "0-1"]
[WhiteElo "2117"]
[BlackElo "2119"]
[PlyCount "122"]
[EventDate "2016.??.??"]
[WhiteTeam "L'Aurora Estadilla A"]
[BlackTeam "Teruel"]

1. d4 d5 2. Nf3 Nf6 3. c4 e6 4. Nc3 Be7 5. cxd5 exd5 6. Bf4 c6 7. Qc2 O-O 8. e3
Re8 9. Bd3 Na6 10. a3 Nc7 11. h3 Ne6 12. Be5 g6 13. b4 a6 14. O-O Ng7 15. Na4
Bf5 16. Nc5 Qc8 17. Bxf5 Nxf5 18. Rfc1 Nd7 19. a4 Bd6 20. Qb2 f6 21. Nxd7 Qxd7
22. Bxf6 a5 23. b5 Bb4 24. bxc6 bxc6 25. Ne5 Qb7 26. Nxc6 Nd6 27. Qb3 Nc4 28.
Rxc4 dxc4 29. Qxc4+ Qf7 30. Qxf7+ Kxf7 31. Bh4 Ra6 32. d5 Bd6 33. Rb1 Re4 34.
Rb7+ Ke8 35. Rxh7 Rxa4 36. f4 Re4 37. Kf2 Bc5 38. Ne5 a4 39. Rh8+ Bf8 40. Kf3
a3 41. Ng4 a2 42. Nf6+ Kf7 43. Rh7+ Bg7 44. Nxe4 a1=Q 45. d6 Qf1+ 46. Bf2 Qd1+
47. Kg3 Qd5 48. Ng5+ Kg8 49. Rh4 Qxd6 50. Rg4 Ra2 51. h4 Qd2 52. Nh3 Kf7 53.
Ng5+ Ke8 54. Nh3 Qd3 55. h5 Bd4 56. hxg6 Kf8 57. Kh2 Bf6 58. Kg3 Kg7 59. Kh2
Qe2 60. Kg3 Ra3 61. Kh2 Qxg4 0-1

[Event "Cto de Aragón Eq Fase II"]
[Site "Aragón"]
[Date "2016.04.09"]
[Round "10.15"]
[White "Martin Catalan, Juan Vicente"]
[Black "Pellicer Cerezuela, Miguel"]
[Result "1-0"]
[WhiteElo "2045"]
[BlackElo "2048"]
[PlyCount "79"]
[EventDate "2016.??.??"]
[WhiteTeam "Teruel"]
[BlackTeam "L'Aurora Estadilla A"]

1. d4 d5 2. c4 e5 3. e3 exd4 4. exd4 Nf6 5. Nf3 c6 6. Nc3 Bg4 7. Be3 Be7 8. Bd3
dxc4 9. Bxc4 O-O 10. O-O Nbd7 11. Re1 Nb6 12. Bb3 Nbd5 13. Bg5 Nxc3 14. bxc3
Bd6 15. Qd3 Bh5 16. Ne5 Bxe5 17. Rxe5 Bg6 18. Qf3 Qd6 19. Rae1 a5 20. Bxf6 gxf6
21. Re7 a4 22. Bc4 Rab8 23. Bd3 b5 24. h4 Bxd3 25. Qxd3 b4 26. cxb4 Rxb4 27.
R7e4 f5 28. Re5 Rxd4 29. Qxf5 Qg6 30. Qh3 h6 31. h5 Qf6 32. Qg3+ Qg7 33. Qe3
Rd5 34. Qf4 Rxe5 35. Rxe5 Rd8 36. Re3 Rd5 37. Re8+ Kh7 38. Qe4+ f5 39. Qe6 Rd1+
40. Kh2 1-0

[Event "Cto de Aragón Eq Fase II"]
[Site "Aragón"]
[Date "2016.04.09"]
[Round "10.16"]
[White "Cid Royo, Oscar"]
[Black "Marin Tolosa, Guillermo"]
[Result "1-0"]
[WhiteElo "2040"]
[BlackElo "1896"]
[PlyCount "79"]
[EventDate "2016.??.??"]
[WhiteTeam "L'Aurora Estadilla A"]
[BlackTeam "Teruel"]

1. d4 Nf6 2. Nf3 e6 3. g3 b6 4. Bg2 Bb7 5. O-O Be7 6. b3 O-O 7. Bb2 c5 8. c4 d5
9. Nbd2 cxd4 10. Nxd4 Nc6 11. Nxc6 Bxc6 12. cxd5 Bxd5 13. e4 Bb7 14. Qe2 b5 15.
e5 Bxg2 16. Kxg2 Nd5 17. Ne4 Qb6 18. Rfd1 Rac8 19. Rac1 Rfd8 20. Kg1 Rc6 21.
Bd4 Qb7 22. Rxc6 Qxc6 23. Bxa7 Ra8 24. Bd4 b4 25. Qd2 f5 26. exf6 gxf6 27. Rc1
Qa6 28. Rc2 Rd8 29. Qd1 f5 30. Nc5 Qc6 31. Qe1 Kf7 32. Rc4 f4 33. Qe5 Bf6 34.
Qh5+ Kg8 35. Ne4 Qb7 36. Nxf6+ Nxf6 37. Qg5+ Qg7 38. Bxf6 Qxg5 39. Bxg5 f3 40.
Bxd8 1-0

[Event "Cto de Aragón Eq Fase II"]
[Site "Aragón"]
[Date "2016.04.09"]
[Round "10.18"]
[White "Bailo Remacha, Santiago"]
[Black "Roque Sola, Jose Luis"]
[Result "0-1"]
[WhiteElo "2036"]
[BlackElo "2066"]
[PlyCount "70"]
[EventDate "2016.??.??"]
[WhiteTeam "El Olivar B"]
[BlackTeam "Agrupacion B"]

1. d4 e6 2. c4 Nf6 3. Nc3 Bb4 4. Qc2 c5 5. Nf3 Nc6 6. e3 O-O 7. Bd2 cxd4 8.
exd4 d5 9. c5 Re8 10. Be2 e5 11. Nb5 Bxd2+ 12. Nxd2 a6 13. Nd6 Nxd4 14. Qd3 Re7
15. O-O Ne8 16. Nxc8 Rxc8 17. b4 Nc7 18. Bg4 Nce6 19. Rfe1 e4 20. Qc3 f5 21.
Be2 Qc7 22. Nb3 Qe5 23. Nxd4 Nxd4 24. Rac1 f4 25. Bg4 Rd8 26. Red1 Nc6 27. Qb3
h5 28. Be2 Nd4 29. Rxd4 Qxd4 30. Rd1 Qe5 31. a4 Kh8 32. b5 axb5 33. axb5 d4 34.
c6 bxc6 35. bxc6 d3 0-1

[Event "Cto de Aragón Eq Fase II"]
[Site "Aragón"]
[Date "2016.04.09"]
[Round "10.19"]
[White "Roque Sola, Gisela"]
[Black "Bayod Rubia, Angel"]
[Result "0-1"]
[WhiteElo "2012"]
[BlackElo "2009"]
[PlyCount "98"]
[EventDate "2016.??.??"]
[WhiteTeam "Agrupacion B"]
[BlackTeam "El Olivar B"]

1. c4 e5 2. g3 Nf6 3. Bg2 Be7 4. Nc3 O-O 5. Nf3 d6 6. O-O c6 7. d3 Nbd7 8. Rb1
Re8 9. b4 Nf8 10. b5 Qc7 11. Qb3 Ne6 12. a4 a6 13. bxc6 bxc6 14. Be3 Bd8 15.
Bb6 Qd7 16. Bxd8 Nxd8 17. a5 Ra7 18. Na4 Qe7 19. Nb6 Be6 20. Qa3 Qc7 21. Nd2
Bf5 22. Rb2 Ne6 23. Rfb1 Nc5 24. Nf1 h6 25. Ne3 Bg6 26. Nc2 Nfd7 27. Nb4 Nb8
28. Rd1 Rb7 29. e3 Ncd7 30. Nxd7 Qxd7 31. Rdb1 Rc7 32. Rb3 Rcc8 33. Nc2 d5 34.
Rb7 Qe6 35. cxd5 cxd5 36. Nb4 e4 37. Qb3 Rcd8 38. Nxd5 Rxd5 39. Rxb8 Rxb8 40.
Qxb8+ Kh7 41. Qb6 Rd6 42. Qc5 exd3 43. Rd1 d2 44. Qc3 Qd7 45. Kf1 Bd3+ 46. Kg1
Be2 47. Be4+ g6 48. Qc2 Bxd1 49. Qxd1 Qc7 0-1